<?xml version="1.0" encoding="UTF-8"?>
<marc:record xmlns:marc="http://www.loc.gov/MARC21/slim">
   <marc:leader>00000nam a2200000 a 4500</marc:leader>
   <marc:datafield ind1="1" ind2=" " tag="100">
      <marc:subfield code="a">Neuhaus, Nele</marc:subfield>
      <marc:subfield code="4">aut</marc:subfield>
      <marc:subfield code="e">Verfasser/-in</marc:subfield>
   </marc:datafield>
   <marc:datafield ind1="0" ind2="0" tag="245">
      <marc:subfield code="a">Im Wald</marc:subfield>
   </marc:datafield>
   <marc:datafield ind1="0" ind2="0" tag="245">
      <marc:subfield code="b">Kriminalroman</marc:subfield>
   </marc:datafield>
   <marc:datafield ind1="0" ind2="0" tag="245">
      <marc:subfield code="c">Nele Neuhaus</marc:subfield>
   </marc:datafield>
   <marc:datafield ind1=" " ind2="1" tag="264">
      <marc:subfield code="a">Frankfurt/M.</marc:subfield>
      <marc:subfield code="b">Ullstein</marc:subfield>
      <marc:subfield code="c">2017</marc:subfield>
   </marc:datafield>
   <marc:datafield ind1=" " ind2=" " tag="250">
      <marc:subfield code="a">1</marc:subfield>
   </marc:datafield>
   <marc:datafield ind1="1" ind2=" " tag="520">
      <marc:subfield code="a">Mitten in der Nacht geht im Wald bei Ruppertshain ein Wohnwagen in Flammen auf. Aus den Trümmern wird eine Leiche geborgen. Oliver von Bodenstein und Pia Sander, ehemals Kirchhoff, vom K11 in Hofheim ermitteln zunächst wegen Brandstiftung, doch bald auch wegen Mordes. Kurz darauf wird eine todkranke alte Frau in einem Hospiz ermordet. Bodenstein ist erschüttert, er kannte die Frau seit seiner Kindheit. Die Ermittlungen führen Pia und ihn vierzig Jahre in die Vergangenheit, in den Sommer 1972, als Bodensteins bester Freund Artur spurlos verschwand. Ein Kindheitstrauma, das er nie überwand - und für viele Ruppertshainer eine alte Geschichte, an die man besser nicht rührt.</marc:subfield>
   </marc:datafield>
   <marc:datafield ind1=" " ind2=" " tag="020">
      <marc:subfield code="a">9783548289793</marc:subfield>
      <marc:subfield code="9">9783548289793</marc:subfield>
   </marc:datafield>
   <marc:datafield ind1=" " ind2=" " tag="020">
      <marc:subfield code="a">3548289797</marc:subfield>
      <marc:subfield code="9">3548289797</marc:subfield>
   </marc:datafield>
   <marc:datafield ind1=" " ind2=" " tag="300">
      <marc:subfield code="a">556 S.</marc:subfield>
   </marc:datafield>
</marc:record>
